| 000 | 00902naa a2200229 4500 | ||
|---|---|---|---|
| 005 | 20090602114046.0 | ||
| 008 | 080820t xxu||||| |||| 00| 0 eng d | ||
| 010 | _aENG-93832 | ||
| 020 |
_a9788178001456 _c250.00 |
||
| 035 | _aEN-77365 | ||
| 037 | _bDBAD / PUB | ||
| 040 |
_adpl _bEnglish |
||
| 082 | _a621.31042 | ||
| 100 | _aMurthy, K.M. Vishnu | ||
| 245 |
_aComputer-aided design of electrical machines / _cby K.M. Vishnu Murthy |
||
| 260 |
_aHyderabad _bBS Publications _c2008 |
||
| 270 |
_a4-4-309, Giriraj Lane, Sultan Bazar, _bHyderabad _e500095 |
||
| 300 |
_axvi, 324p. _c25cm(pbk) |
||
| 500 | _aIncludes bibliographical references and index | ||
| 942 |
_adpl _cEN _2ddc _mMUR _h621.31042 |
||
| 999 |
_c27134 _d27134 |
||